000
00321nam a22001457a 4500
003
SGT
082
_a
658.3,DAF
100
_a
DAFT,RICHARD L.
245
_a
ORGANIZATION THEORY AND DESIGN
250
_a
7TH
260
_a
AUSTRALIA
_b
THOMSON
_c
2003
300
_a
633
650
_a
HUMAN RESOURCE MANAGEMENT
942
_2
ddc
_c
BK
999
_c
9665
_d
9665